| 000 | 01063nam0a22002531 4500 | ||
|---|---|---|---|
| 001 | rc\515556 | ||
| 005 | 20250621114153.0 | ||
| 035 | _a(NLR Aleph) 005755174 | ||
| 090 |
_a4881216 _c4881216 |
||
| 100 | _a20030616d1988 |||y0rusy50 ca | ||
| 101 | 0 | _arus | |
| 102 | _aRU | ||
| 105 | _aa ||||||||| | ||
| 200 | 1 |
_aОпыт производства и перспективы развития инструмента с износостойким покрытием _eСб. тр. _fМ-во станкостроит. и инструм. пром-сти СССР, Всесоюз. н.-и. инструм. ин-т _gПод ред. лауреата Гос. премии СССР, д. т. н., проф. В.П. Жедя |
|
| 210 |
_aМ. _cВНИИинструмент _d1988 |
||
| 215 |
_a120 с. _cил. _d21 |
||
| 300 | _aНа обл. только подзаг. | ||
| 320 | _aБиблиогр. в конце ст. | ||
| 333 | _aДСП. Экз. № 00008 | ||
| 801 | 0 |
_aRU _bNLR _gpsbo |
|
| 801 | 1 |
_aRU _bELAR _2rusmarc |
|
| 852 |
_aNLR _j89-50К/6883 |
||
| 942 | _cBOOK | ||
| 980 | _aNB | ||